LEADER 01020nam a2200229 4500 001 000000356850 003 CaOOAMICUS 005 20240122092326.0 008 240122s1837 it 000 u ita r 040 $aSeMil$bita 100 11$aCarrer, Luigi,$d<1801-1850>.$0(OLS)http://semarc/name/89629 245 10$aProse e poesie /$cdi Luigi Carrer. 264 1$aVenezia :$bCo' Tipi del gondoliere,$c1837. 300 $a4 v. ;$c14 cm 774 0 $aCarrer, Luigi <1801-1850>$tVol. 1.$dVenezia : Co' Tipi del gondoliere, 1837.$w()356851 774 0 $aCarrer, Luigi <1801-1850>$tVol. 2.$dVenezia : Co' Tipi del gondoliere, 1837.$w()356852 774 0 $aCarrer, Luigi <1801-1850>$tVol. 3.$dVenezia : Co' Tipi del gondoliere, 1837.$w()356853 774 0 $aCarrer, Luigi <1801-1850>$tVol. 4.$dVenezia : Co' Tipi del gondoliere, 1837.$w()356854 941 1 $a10 996 $6245$aProse e poesie$9(OLS)http://semarc/title/236511 996 $6264$aVenezia :$bCo' Tipi del gondoliere$9(OLS)http://semarc/publisher/34876 LEADER 00966nam a2200181 i 4500 001 000000014183 003 CaOOAMICUS 005 20180830125442.0 008 180830s1987 it u000 u ita u 040 $aSeMil$bita 100 1 $aOttonello, Pier Paolo,$d<1941- >.$0(OLS)http://semarc/name/1943 245 10$aScritti /$cPier Paolo Ottonello. 260 $aL'Aquila ; Roma :$bJapadre :$b[poi]... Genova : SEC :$b[poi]... Studio editoriale di cultura,$c1987. 300 $a20 v. ;$c21 cm. 774 0 $aOttonello, Pier Paolo <1941- >$tEnciclopedia di Rosmini.$dL'Aquila ; Roma : Japadre, 1992.$z88-7006-271-6$g8$w()39431 774 0 $aOttonello, Pier Paolo <1941- >$tStrutture e forme del nichilismo europeo. 1, Saggi introduttivi.$dL'Aquila ; Roma : Japadre, 1987.$g11$w()142665 996 $6245$aScritti$9(OLS)http://semarc/title/2407 996 $6260$aL'Aquila ; Roma :$bJapadre :$b[poi]... Genova : SEC :$b[poi]... Studio editoriale di cultura$9(OLS)http://semarc/publisher/56021